000 00581nam a2200181 a 4500
005 20140412111238.0
008 010710s19uu xx 00 eng d
020 _a0-531-30207-5
050 _aTR(PS E
_bSa4 1999
100 _aWhybrow, Ian
245 _aSammy and the dinosaurs /
_cby Ian Whybrow; illustrated by Adrian Reynolds.
260 _aNew York :
_bOrchard Books,
_c1999.
300 _a1v. (unp.) ; ill.
520 _aSammy finds toy dinosuars in the attic that come when he names each one.
650 _aDinosaurs-Fiction
650 _aToys-Fiction
999 _c102565
_d102565